Welcome to CU Library Online Public Access Catalogue (OPAC)

Evangelical dictionary of theology / (Record no. 7154)

MARC details
000 -LEADER
fixed length control field 00942cam a2200289 a 4500
001 - CONTROL NUMBER
control field 12489440
003 - CONTROL NUMBER IDENTIFIER
control field OSt
005 - DATE AND TIME OF LATEST TRANSACTION
control field 20250724175740.0
008 - FIXED-LENGTH DATA ELEMENTS--GENERAL INFORMATION
fixed length control field 010731s2001 miu bd 000 0 eng
010 ## - LIBRARY OF CONGRESS CONTROL NUMBER
LC control number 2001272311
020 ## - INTERNATIONAL STANDARD BOOK NUMBER
International Standard Book Number 0801020751 (U.S.)
020 ## - INTERNATIONAL STANDARD BOOK NUMBER
Canceled/invalid ISBN 1842270828 (U.K.)
040 ## - CATALOGING SOURCE
Original cataloging agency DLC
Transcribing agency DLC
Modifying agency DLC
050 00 - LIBRARY OF CONGRESS CALL NUMBER
Classification number BR95
Item number .E87 2001
082 00 - DEWEY DECIMAL CLASSIFICATION NUMBER
Classification number 230/.04624/03
Edition information 21
245 00 - TITLE STATEMENT
Title Evangelical dictionary of theology /
Statement of responsibility, etc. edited by Walter A. Elwell.
250 ## - EDITION STATEMENT
Edition statement 2nd ed.
260 ## - PUBLICATION, DISTRIBUTION, ETC.
Place of publication, distribution, etc. Grand Rapids, Mich. :
Name of publisher, distributor, etc. Baker Academic ;
Place of publication, distribution, etc. Carlisle, Cumbria, U.K. :
Name of publisher, distributor, etc. Paternoster Press,
Date of publication, distribution, etc. c2001.
300 ## - PHYSICAL DESCRIPTION
Extent 1312 p. ;
Dimensions 27 cm.
440 #0 - SERIES STATEMENT/ADDED ENTRY--TITLE
Title Baker reference library
504 ## - BIBLIOGRAPHY, ETC. NOTE
Bibliography, etc. note Includes bibliographical references.
650 #0 - SUBJECT ADDED ENTRY--TOPICAL TERM
Topical term or geographic name entry element Theology
Form subdivision Dictionaries.
700 1# - ADDED ENTRY--PERSONAL NAME
Personal name Elwell, Walter A.
906 ## - LOCAL DATA ELEMENT F, LDF (RLIN)
a 7
b cbc
c orignew
d 2
e ncip
f 20
g y-gencatlg
942 ## - ADDED ENTRY ELEMENTS (KOHA)
Source of classification or shelving scheme Library of Congress Classification
Koha item type Reference
Suppress in OPAC No
Holdings
Withdrawn status Lost status Source of classification or shelving scheme Damaged status Not for loan Collection Home library Current library Shelving location Date acquired Total checkouts Full call number Barcode Date last seen Price effective from Koha item type
    Library of Congress Classification     Reference Undergraduate Library (Christ Temple) Undergraduate Library (Christ Temple) General stacks 07/24/2025   BS 440 EVA ulct00004140 07/24/2025 07/24/2025 Reference
    Library of Congress Classification     Reference Undergraduate Library (Christ Temple) Undergraduate Library (Christ Temple) General stacks 07/24/2025   BS 440 EVA ulct00004141 07/24/2025 07/24/2025 Reference
© 2023-2024 Copyright: Central University Libraries. All Rights Reserved | Created by: Mahone Tech Office